Computer Education for Nurses (Record no. 157514)

MARC details
000 -LEADER
fixed length control field 00348nam a2200133Ia 4500
008 - FIXED-LENGTH DATA ELEMENTS--GENERAL INFORMATION
fixed length control field 230411s9999 xx 000 0 und d
041 ## - LANGUAGE CODE
Language code of text/sound track or separate title eng
082 ## - DEWEY DECIMAL CLASSIFICATION NUMBER
Classification number C/004/SUH/B07386
100 ## - MAIN ENTRY--PERSONAL NAME
Personal name Suhail Ahmed
245 ## - TITLE STATEMENT
Title Computer Education for Nurses
260 ## - PUBLICATION, DISTRIBUTION, ETC. (IMPRINT)
Name of publisher, distributor, etc. Frontline Publications
Place of publication, distribution, etc. Hyderabad
Date of publication, distribution, etc. 2006
300 ## - PHYSICAL DESCRIPTION
Extent 230p
Holdings
Withdrawn status Lost status Damaged status Not for loan Collection code Home library Current library Date acquired Vendor Cost, normal purchase price Bill number Shelving control number Total Checkouts Full call number Barcode Date last seen Cost, replacement price Bill Date Koha item type Original Barcode
          Smt. Bakul Tambat Institute of Nursing Education Smt. Bakul Tambat Institute of Nursing Education 18/01/2013 Frontline Publications 90.00 1805 2   C 004 SUH B07386 BTIN-BK-7386 11/04/2023 68.00 08/03/2008 Books B07386